[Event "AUTO-OPEN-4128"]
[Site "http://www.queenalice.com/game.php?id=1596360"]
[Date "2020.1.15"]
[Round "1"]
[White "SubRoger"]
[Black "dogdaddy"]
[Result "1-0"]
[WhiteElo "2061"]
[BlackElo "1994"]

1. e4 c5 2. f4 d6 3. Nf3 Bg4 4. Bb5+ Nc6 5. O-O a6 6. Be2 Bxf3 7. Bxf3 Nf6 8. d3
e5 9. Nc3 Qc7 10. fxe5 Nxe5 11. Bg5 Be7 12. Qe1 Qc6 13. Qg3 O-O-O 14. Be3 g6 15.
Bg5 Qe8 16. Bxf6 Bxf6 17. Bg4+ Nxg4 18. Qxg4+ Qd7 19. Qxd7+ Kxd7 20. Rxf6 1-0

[Event "AUTO-OPEN-4128"]
[Site "http://www.queenalice.com/game.php?id=1596361"]
[Date "2020.1.15"]
[Round "1"]
[White "dogdaddy"]
[Black "pomar"]
[Result "0-1"]
[WhiteElo "2021"]
[BlackElo "2077"]

1. Nf3 e6 2. c4 d5 3. g3 a6 4. b3 c5 5. cxd5 exd5 6. h4 Nc6 7. Bh3 Bxh3 8. Rxh3
Nf6 9. Nh2 Qd7 10. g4 Nxg4 11. Nxg4 Qxg4 12. Rh1 Qg2 13. Rf1 Qh2 14. f3 Qxh4+
15. Rf2 Bd6 16. e3 Bg3 17. Qe2 O-O 0-1

[Event "AUTO-OPEN-4128"]
[Site "http://www.queenalice.com/game.php?id=1596362"]
[Date "2020.1.15"]
[Round "1"]
[White "pomar"]
[Black "dogdaddy"]
[Result "1-0"]
[WhiteElo "2094"]
[BlackElo "2007"]

1. f3 e5 2. Kf2 f5 3. e3 Nc6 4. c4 Bc5 5. Ne2 b6 6. Nbc3 f4 7. g3 Nb4 8. a3 Nd3+
9. Kg2 Nxc1 10. Qxc1 c6 11. b4 Be7 12. exf4 exf4 13. Nxf4 Nf6 14. Bd3 O-O 15.
Re1 Bd6 16. Nce2 Bxf4 17. Nxf4 Re8 18. Qc2 g5 19. Nh5 Rxe1 20. Nxf6+ Kg7 21.
Nh5+ Kh8 22. Qc3+ 1-0

[Event "AUTO-ADV-4808"]
[Site "http://www.queenalice.com/game.php?id=1842563"]
[Date "2024.8.27"]
[Round "1"]
[White "Capixaba789"]
[Black "dogdaddy"]
[Result "1-0"]
[WhiteElo "1985"]
[BlackElo "1859"]

1. e4 d6 2. d3 g6 3. f4 h5 4. Nf3 Bg4 5. Be2 Bh6 6. O-O c5 7. Be3 Bxf3 8. Bxf3
Nc6 9. Nc3 Nd4 10. Nd5 e6 11. Nc3 Nxf3+ 12. Qxf3 Qd7 13. Rad1 O-O-O 14. a3 b5
15. e5 Kc7 16. exd6+ Kb6 17. d4 Ka6 18. dxc5 Rc8 19. b4 Qc6 20. Qe2 Bg7 21. Bd4
Bxd4+ 22. Rxd4 Rd8 23. a4 Rb8 24. axb5+ Qxb5 25. Nxb5 Nf6 26. Na3+ Kb7 27. Qb5+
1-0

[Event "AUTO-ADV-4808"]
[Site "http://www.queenalice.com/game.php?id=1842564"]
[Date "2024.8.27"]
[Round "1"]
[White "dogdaddy"]
[Black "Capixaba789"]
[Result "0-1"]
[WhiteElo "1894"]
[BlackElo "1972"]

1. e4 e5 2. Nf3 d6 3. d4 exd4 4. Nxd4 Bd7 5. Nc3 Nc6 6. Bb5 Nf6 7. Bxc6 Bxc6 8.
Nxc6 bxc6 9. e5 Nd7 10. exd6 Bxd6 11. O-O O-O 12. Qh5 Nf6 13. Qh4 Re8 14. Qh3
Re5 15. g3 Rh5 16. Qg2 Ng4 17. h3 Nf6 18. Bf4 Bxf4 19. gxf4 Rh6 20. Kh2 Nh5 21.
Rg1 Qh4 22. Qg4 Qxf2+ 23. Rg2 Qxf4+ 24. Qxf4 Nxf4 25. Rd1 Nxg2 26. Kxg2 Rd6 27.
Rxd6 cxd6 0-1

[Event "AUTO-ADV-4808"]
[Site "http://www.queenalice.com/game.php?id=1842579"]
[Date "2024.8.27"]
[Round "1"]
[White "bdpq"]
[Black "dogdaddy"]
[Result "0-1"]
[WhiteElo "1722"]
[BlackElo "1848"]

1. e4 e5 2. d4 exd4 3. Qxd4 Nc6 4. Qd1 Nf6 5. Bd3 Bc5 6. Nf3 Ng4 7. Bg5 f6 8.
Bf4 Nxf2 9. Qd2 Nxh1 10. Be3 Bxe3 11. Qxe3 Ne5 12. Nxe5 fxe5 13. Nc3 Qh4+ 14. g3
Nxg3 15. Qxg3 Qxg3+ 16. hxg3 c6 17. O-O-O Rf8 18. Bc4 Rf3 19. Be2 Rxg3 20. Rh1
h6 21. b3 Ke7 22. Na4 d6 23. Kb2 Bg4 24. Bc4 h5 25. Rf1 b5 26. Bf7 Rf8 27. Bc4
bxc4 28. Rd1 Bxd1 29. c3 cxb3 30. axb3 Rb8 31. Ka2 Bxb3+ 32. Ka3 Bxa4 33. Kxa4
Rxc3 0-1

[Event "AUTO-ADV-4808"]
[Site "http://www.queenalice.com/game.php?id=1842580"]
[Date "2024.8.27"]
[Round "1"]
[White "dogdaddy"]
[Black "bdpq"]
[Result "0-1"]
[WhiteElo "1881"]
[BlackElo "1740"]

1. Nf3 d5 2. d4 Bg4 3. Nbd2 e6 4. h3 Bf5 5. g4 Bg6 6. Bg2 Qd6 7. Ne5 Nc6 8. Nxg6
hxg6 9. c3 O-O-O 10. e3 Nf6 11. O-O e5 12. Bf3 e4 0-1

[Event "AUTO-ADV-4808"]
[Site "http://www.queenalice.com/game.php?id=1842589"]
[Date "2024.8.27"]
[Round "1"]
[White "Canaye14"]
[Black "dogdaddy"]
[Result "1-0"]
[WhiteElo "1924"]
[BlackElo "1925"]

1. d4 d5 2. Nf3 Nf6 3. h3 h6 4. Bf4 c5 5. c4 Qa5+ 6. Bd2 Qa6 7. cxd5 cxd4 8. e4
Qb6 9. Qc2 Bd7 10. Bd3 Na6 11. O-O Nb4 12. Bxb4 Qxb4 13. a3 Qb6 14. Nbd2 Rc8 15.
Nc4 Qc5 16. b4 Qc7 17. Rac1 Qb8 18. Nxd4 b5 19. Nxb5 a6 20. Nd4 Qa7 21. Nf3 Kd8
22. Nfe5 Ke8 23. Qe2 Bb5 24. d6 exd6 25. Nxd6+ 1-0

[Event "AUTO-ADV-4808"]
[Site "http://www.queenalice.com/game.php?id=1842590"]
[Date "2024.8.27"]
[Round "1"]
[White "dogdaddy"]
[Black "Canaye14"]
[Result "0-1"]
[WhiteElo "1909"]
[BlackElo "1940"]

1. e4 e6 2. d4 d5 3. e5 c5 4. dxc5 Bxc5 5. c4 Nc6 6. cxd5 Qxd5 7. Qxd5 exd5 8.
Bb5 Ne7 9. Bxc6+ bxc6 10. a3 O-O 11. Bd2 Ba6 12. Bb4 Bxb4+ 13. axb4 Bd3 14. Nc3
a6 15. Kd2 Bg6 16. g4 Rfd8 17. h3 Nc8 18. Nf3 Nb6 19. Nd4 Nc4+ 20. Kc1 Nxe5 21.
Nf5 Kf8 22. Kd2 d4 23. h4 dxc3+ 24. Kxc3 Nxg4 25. h5 Bxf5 26. Rad1 Nxf2 27. h6
Nxd1+ 28. Kc4 gxh6 29. Rxh6 Bg6 0-1

[Event "AUTO-ADV-4811"]
[Site "http://www.queenalice.com/game.php?id=1843327"]
[Date "2024.9.8"]
[Round "1"]
[White "oniwa"]
[Black "dogdaddy"]
[Result "0-1"]
[WhiteElo "1830"]
[BlackElo "1844"]

1. e4 e5 2. Nf3 f6 3. d4 d5 4. Nc3 Bb4 5. dxe5 dxe4 6. Qxd8+ Kxd8 7. Nd2 Bxc3 8.
bxc3 fxe5 9. Nxe4 h6 10. Bb2 b6 11. O-O-O+ Nd7 12. Bb5 a6 13. Bc6 Ra7 14. c4 Ne7
15. Bxd7 Bxd7 16. Bxe5 Rh7 17. g4 Kc8 18. h3 Nc6 19. Bg3 Na5 20. Nd2 c5 0-1

[Event "AUTO-ADV-4811"]
[Site "http://www.queenalice.com/game.php?id=1843328"]
[Date "2024.9.8"]
[Round "1"]
[White "dogdaddy"]
[Black "oniwa"]
[Result "1-0"]
[WhiteElo "1859"]
[BlackElo "1815"]

1. e4 e5 2. Nf3 Nc6 3. c3 Nf6 4. Bd3 Bc5 5. b4 Bb6 6. O-O d6 7. Bb5 Bd7 8. Be2
h6 9. Bb5 O-O 10. d3 a6 11. Bxc6 Bxc6 12. h3 Nh5 13. g3 Bd7 14. g4 Nf4 15. Bxf4
exf4 16. Qd2 Qf6 17. Na3 Be6 18. d4 Rad8 19. d5 Bd7 20. Kg2 Rde8 21. Rfe1 1-0

[Event "AUTO-ADV-4811"]
[Site "http://www.queenalice.com/game.php?id=1843345"]
[Date "2024.9.8"]
[Round "1"]
[White "dogdaddy"]
[Black "atbn"]
[Result "1-0"]
[WhiteElo "1816"]
[BlackElo "1779"]

1. e4 e6 2. d4 d5 3. e5 c5 4. c4 Nc6 5. Be3 Qb6 6. Qb3 Qxb3 7. axb3 cxd4 8. Bd2
dxc4 9. Bxc4 Nxe5 10. Bf4 Nxc4 11. bxc4 Bb4+ 12. Bd2 Bd6 13. Ne2 e5 14. O-O Ne7
15. f4 d3 16. Nec3 e4 17. Nxe4 Bc7 18. Rf3 Bf5 19. Nbc3 O-O-O 20. Ng5 Bg6 21.
Kf1 1-0

[Event "AUTO-ADV-4811"]
[Site "http://www.queenalice.com/game.php?id=1843346"]
[Date "2024.9.8"]
[Round "1"]
[White "atbn"]
[Black "dogdaddy"]
[Result "0-1"]
[WhiteElo "1764"]
[BlackElo "1831"]

1. g4 d5 2. Bg2 Bxg4 3. c4 e6 4. Qb3 Qc8 5. cxd5 Bh5 6. dxe6 c6 7. Qh3 Nf6 8.
exf7+ Kd8 9. d3 Bb4+ 10. Bd2 Bxd2+ 11. Nxd2 Qxh3 12. Nxh3 Bxf7 13. Ng5 Bd5 14.
Bxd5 Rf8 15. Ne6+ Ke7 16. Nxf8 cxd5 17. Nxh7 Nxh7 18. Rg1 Kf7 19. Rc1 Nc6 20. e4
Re8 21. f3 Re6 22. a3 b6 0-1

[Event "AUTO-ADV-4811"]
[Site "http://www.queenalice.com/game.php?id=1843347"]
[Date "2024.9.8"]
[Round "1"]
[White "dogdaddy"]
[Black "ThiagoBrumN"]
[Result "0-1"]
[WhiteElo "1859"]
[BlackElo "1689"]

1. Nf3 Nc6 2. d4 d5 3. e3 Bg4 4. Bb5 Qd7 5. Ne5 Bxd1 6. Nxd7 Kxd7 7. Kxd1 Nf6 8.
Nc3 a6 9. Bxc6+ Kxc6 10. h3 Rd8 11. a3 Kd7 12. Ke2 e6 13. g4 Bd6 14. b4 Kc8 15.
Rg1 Kb8 16. f3 h6 17. Rg2 Rhe8 18. g5 hxg5 19. Rxg5 Rh8 20. Rxg7 Rxh3 21. e4
Rh2+ 22. Kd3 Rh3 23. Ke2 dxe4 24. Bf4 Bxf4 25. Kf2 Rxf3+ 26. Kg2 Rh8 27. Nxe4
Re3 28. Ng3 Ne4 29. Nxe4 Rh2+ 0-1

[Event "AUTO-ADV-4811"]
[Site "http://www.queenalice.com/game.php?id=1843348"]
[Date "2024.9.8"]
[Round "1"]
[White "ThiagoBrumN"]
[Black "dogdaddy"]
[Result "1-0"]
[WhiteElo "1724"]
[BlackElo "1836"]

1. e4 e5 2. Nf3 Nc6 3. Bc4 Nd4 4. Nxe5 Nh6 5. O-O d6 6. Nf3 Bg4 7. Be2 Nxe2+ 8.
Qxe2 Bxf3 9. Qxf3 Qf6 10. Qb3 O-O-O 11. d3 Qe5 12. f4 Qc5+ 13. Kh1 Ng4 14. h3
Nf2+ 15. Kh2 Qb6 16. Qxb6 axb6 17. Rxf2 Be7 18. Nc3 Bf6 19. a4 Kd7 20. Bd2 c6
21. Rd1 Bd4 22. Rf3 Bxc3 23. Bxc3 Rhg8 24. Kh1 c5 25. d4 c4 26. d5 Rde8 27. b3
Rxe4 28. Rd4 Rxd4 29. Bxd4 cxb3 30. cxb3 g6 31. Bxb6 Rc8 32. f5 Rf8 33. f6 h6
34. b4 Re8 35. Rc3 1-0

[Event "Let's Play Chess!"]
[Site "http://www.queenalice.com/game.php?id=1846940"]
[Date "2024.11.14"]
[Round "-"]
[White "igor12345"]
[Black "dogdaddy"]
[Result "1-0"]
[WhiteElo "2022"]
[BlackElo "1873"]

1. e4 e5 2. f4 exf4 3. Nf3 f6 4. Bc4 Qe7 5. d3 g5 6. h3 f5 7. O-O fxe4 8. dxe4
Qc5+ 9. Qd4 Qxd4+ 10. Nxd4 Bc5 11. c3 Nc6 12. Rd1 Nf6 13. Kh1 Nxe4 14. Re1 Kd8
15. Rxe4 Bxd4 16. cxd4 Nb4 17. a3 Nc2 18. Ra2 Re8 19. Rxe8+ Kxe8 20. d5 d6 21.
Bd3 Nd4 22. b4 Nf5 23. Re2+ Kf8 24. Nc3 Ng3+ 25. Kg1 Nxe2+ 26. Nxe2 Kg8 27. Nd4
a6 28. Ne6 Bxe6 29. dxe6 Kf8 30. Bxh7 Ke7 31. Bf5 Rf8 32. Bg4 Rc8 33. a4 c5 34.
b5 axb5 35. axb5 b6 36. h4 gxh4 37. Bxf4 Rf8 38. Bg5+ Rf6 39. Bxh4 c4 40. Bxf6+
Kxf6 41. Kf2 d5 42. Ke3 c3 43. Kd3 d4 44. Bf5 Ke7 45. Kxd4 c2 46. Bxc2 Kxe6 47.
Bb3+ Kd6 48. g4 Ke7 49. Ke5 Kf8 50. Kd6 Kg7 51. Kc6 1-0

[Event "AUTO-ADV-4826"]
[Site "http://www.queenalice.com/game.php?id=1847314"]
[Date "2024.11.18"]
[Round "1"]
[White "dogdaddy"]
[Black "MHRangel"]
[Result "0-1"]
[WhiteElo "1816"]
[BlackElo "1808"]

1. e4 c5 2. Bc4 e6 3. Nf3 d5 4. Bb5+ Bd7 5. Bxd7+ Qxd7 6. exd5 Qxd5 7. Nc3 Qc6
8. O-O c4 9. d3 Bb4 10. a3 Bxc3 11. bxc3 Nf6 12. dxc4 Qxc4 13. Qd3 Qd5 14. Qxd5
Nxd5 15. Bd2 O-O 16. g3 Nc6 17. c4 Nf6 18. h3 Ne4 19. Be1 b6 20. Rd1 Rad8 21.
Rxd8 Rxd8 22. h4 f6 23. Kg2 a5 24. Rh1 Nd4 25. Nxd4 Rxd4 26. f3 Nc5 27. Bf2 Rxc4
28. Rd1 Rxc2 29. Kf1 Kf7 30. Bxc5 Rxc5 31. a4 e5 32. Rb1 Rc4 33. Ra1 Rb4 34. Ra3
h5 0-1

[Event "AUTO-ADV-4826"]
[Site "http://www.queenalice.com/game.php?id=1847315"]
[Date "2024.11.18"]
[Round "1"]
[White "MHRangel"]
[Black "dogdaddy"]
[Result "0-1"]
[WhiteElo "1825"]
[BlackElo "1799"]

1. d4 Nf6 2. c4 c5 3. d5 d6 4. Nc3 Bd7 5. Nf3 e6 6. dxe6 Bxe6 7. e4 a6 8. Be2 h6
9. O-O Bd7 10. Nd5 Nxd5 11. exd5 Be7 12. Rb1 Bf5 13. Bd3 Bxd3 14. Qxd3 Nd7 15.
b4 cxb4 16. Rxb4 Nc5 17. Qd4 O-O 18. Bxh6 gxh6 19. Qg4+ Bg5 20. h4 f5 21. Qh5
Bf4 22. g3 Qe8 23. Qxe8 Rfxe8 24. gxf4 Re4 25. Kg2 Rxf4 26. Kg3 Rg4+ 27. Kh3 b5
28. Rbb1 bxc4 29. Rfd1 Ne4 30. Nh2 Nxf2# 0-1

[Event "AUTO-ADV-4826"]
[Site "http://www.queenalice.com/game.php?id=1847316"]
[Date "2024.11.18"]
[Round "1"]
[White "dogdaddy"]
[Black "mvson33"]
[Result "0-1"]
[WhiteElo "1863"]
[BlackElo "1864"]

1. e4 e6 2. d4 d5 3. e5 c5 4. c3 Nc6 5. Bb5 Bd7 6. Nf3 cxd4 7. Nxd4 Nxe5 8. Bf4
Ng6 9. Bg3 Nf6 10. Bxd7+ Qxd7 11. h3 Bd6 12. O-O O-O 13. Bxd6 Qxd6 14. Nd2 a6
15. c4 dxc4 16. Nxc4 Qd8 17. Nf3 Nd5 18. a3 Qc7 19. Nh4 Qxc4 20. Nxg6 hxg6 21.
Rc1 Qb5 22. Rc2 Rad8 23. Qe2 Qxe2 24. Rxe2 Rc8 25. g3 Rc6 26. Kg2 Rfc8 27. Rfe1
Rc1 28. Rxc1 Rxc1 29. Kh2 Kf8 30. Kg2 Ke7 31. Kh2 Kd6 32. Kg2 b5 33. Kh2 a5 34.
b4 axb4 35. axb4 Nxb4 36. Rd2+ Nd5 37. Ra2 Ke5 38. Rd2 Rb1 39. Rc2 b4 40. Kg2 b3
41. Rd2 b2 42. Rc2 Rg1+ 0-1

[Event "AUTO-ADV-4826"]
[Site "http://www.queenalice.com/game.php?id=1847317"]
[Date "2024.11.18"]
[Round "1"]
[White "mvson33"]
[Black "dogdaddy"]
[Result "1-0"]
[WhiteElo "1905"]
[BlackElo "1847"]

1. d4 d5 2. Nf3 f6 3. e3 c6 4. c4 e6 5. cxd5 Qxd5 6. Be2 Qa5+ 7. Nc3 Bb4 8. Bd2
Bxc3 9. Bxc3 Qd8 10. O-O Ne7 11. Rc1 O-O 12. Bc4 b6 13. Bb3 Nd5 14. Qc2 Nxc3 15.
Qxc3 a5 16. Bc2 Ra7 17. Rfd1 Qd5 18. Qd3 g6 19. Nh4 Rg7 20. Nf3 Qb5 21. Qxb5
cxb5 22. h3 a4 23. Bd3 Ba6 24. Rc2 h6 25. Rdc1 g5 26. Bf1 b4 27. Bxa6 Nxa6 28.
Rc8 Nc7 29. Rxf8+ Kxf8 30. Rc4 Nd5 31. Rc6 Re7 32. e4 Rc7 33. exd5 Rxc6 34. dxc6
Ke8 35. Kf1 Kd8 36. Ke2 Kc7 37. Kd3 Kxc6 38. Kc4 a3 39. bxa3 bxa3 40. Ne1 b5+
41. Kb4 Kd5 42. Nc2 Ke4 43. Kxb5 Kd5 44. Kb4 e5 45. dxe5 Kxe5 46. Kxa3 f5 47.
Kb4 h5 48. a4 Kf4 49. a5 1-0

[Event "AUTO-ADV-4826"]
[Site "http://www.queenalice.com/game.php?id=1847318"]
[Date "2024.11.18"]
[Round "1"]
[White "dogdaddy"]
[Black "ALDROB"]
[Result "0-1"]
[WhiteElo "1815"]
[BlackElo "1807"]

1. e4 e5 2. Nf3 Nc6 3. c3 Nf6 4. Bd3 Bc5 5. b4 Bb6 6. b5 Ne7 7. Nxe5 d6 8. Nf3
Bg4 9. h3 Bh5 10. O-O Qd7 11. Be2 O-O-O 12. g4 Nxg4 13. Nd4 c5 14. hxg4 cxd4 15.
gxh5 Kb8 16. a4 f5 17. exf5 Nxf5 18. f3 d3+ 19. Kh2 dxe2 20. Qxe2 Rde8 21. Qd3
Bc7 22. Na3 d5+ 23. f4 Re4 24. c4 Rd4 25. Qh3 dxc4 26. Nc2 Rd3 27. Ne3 Rf8 28.
Rf2 Nxe3 29. Qxd7 Rxd7 30. dxe3 Be5 31. Raa2 Bf6 32. Rfd2 Rfd8 33. Rxd7 Rxd7 34.
Rd2 Rc7 35. Ba3 c3 0-1

[Event "AUTO-ADV-4826"]
[Site "http://www.queenalice.com/game.php?id=1847319"]
[Date "2024.11.18"]
[Round "1"]
[White "ALDROB"]
[Black "dogdaddy"]
[Result "1-0"]
[WhiteElo "1789"]
[BlackElo "1833"]

1. d4 d5 2. c4 dxc4 3. Nf3 Bd7 4. Nc3 b5 5. a4 b4 6. Na2 e6 7. e4 b3 8. Nc3 f6
9. Bxc4 a6 10. Qxb3 Nc6 11. Bxe6 Bxe6 12. d5 Na5 13. Qa2 Bf7 14. O-O Rb8 15. Nd4
Bb4 16. Bd2 g6 17. Rfe1 Qd6 18. f4 Bc5 19. Be3 Bxd4 20. Bxd4 Qxf4 21. Rad1 Kf8
22. Rf1 Qd6 23. Rf2 Qb4 24. Rdd2 h5 25. Bxf6 Nxf6 26. Rxf6 Kg7 27. Rdf2 Rhf8 28.
e5 Qb3 29. Qxb3 Rxb3 30. e6 Re8 31. Rxf7+ Kh6 32. Rxc7 Rb7 33. Rxb7 Nxb7 34. Re2
Nd6 35. Ne4 1-0